[Event "Buenos Aires Bolivar op 4th"]
[Site "Buenos Aires"]
[Date "2011.06.15"]
[Round "3"]
[White "Lopez, Ricardo"]
[Black "Villarreal, Ivan Nicolas"]
[Result "1/2-1/2"]
[WhiteElo "2159"]
[BlackElo "1936"]
[PlyCount "100"]
[EventDate "2011.06.13"]
[EventType "swiss"]
[EventRounds "9"]
[EventCountry "ARG"]
[SourceTitle "EXT 2014"]
[Source "ChessBase"]
[SourceDate "2013.11.20"]
[SourceVersion "1"]
[SourceVersionDate "2013.11.20"]
[SourceQuality "1"]

1. e4 c5 2. Nf3 Nc6 3. Bb5 g6 4. 0-0 Bg7 5. Re1 Nf6 6. e5 Nd5 7. Nc3 Nc7 8. Bxc6 dxc6 9. Ne4 b6 10. d3 0-0 11. h3 Ne6 12. Neg5 h6 13. Nxe6 Bxe6 14. Qe2 Qd5 15. b3 a5 16. a4 Rfe8 17. Bb2 b5 18. c4 Qd7 19. Ba3 Qa7 20. Qe3 b4 21. Bb2 Rad8 22. Rad1 Rd7 23. Re2 Red8 24. Red2 Kh7 25. Nh2 h5 26. f4 Bh6 27. g4 Rd4 28. Bxd4 Rxd4 29. g5 Bg7 30. Nf3 Qd7 31. Rh2 Bf5 32. Nxd4 Qxd4 33. Qxd4 cxd4 34. e6 fxe6 35. Re1 e5 36. fxe5 e6 37. Rf2 c5 38. Rf3 Bf8 39. Kf2 Be7 40. Rg1 Kg7 41. Rxf5 gxf5 42. g6 Bh4+ 43. Kf3 Be7 44. Kf4 Bh4 45. Rg2 Be7 46. Kg3 Bg5 47. Kf3 Be7 48. h4 Bd8 49. Kf4 Be7 50. Rg1 Bd8 1/2-1/2

[Event "Villa Ballester de Invierno op 8th"]
[Site "Villa Ballester"]
[Date "2008.08.22"]
[Round "5"]
[White "Villarreal, Ivan Nicolas"]
[Black "Bulcourf, Carlos"]
[Result "0-1"]
[WhiteElo "1883"]
[BlackElo "2146"]
[PlyCount "100"]
[EventDate "2008.08.16"]
[EventType "swiss"]
[EventRounds "7"]
[EventCountry "ARG"]
[SourceTitle "CBM 126 Extra"]
[Source "ChessBase"]
[SourceDate "2008.11.05"]
[SourceVersion "1"]
[SourceVersionDate "2008.11.05"]
[SourceQuality "1"]

1. Nf3 d5 2. d4 Bf5 3. Bf4 c5 4. dxc5 e6 5. e3 Bxc5 6. Bd3 Ne7 7. 0-0 Nbc6 8. Nbd2 0-0 9. Nb3 Bb6 10. Qe2 Rc8 11. Rfd1 Bxd3 12. Rxd3 Ng6 13. Bg3 h5 14. h4 Qf6 15. Ng5 Nge5 16. Qxh5 Qh6 17. Qxh6 gxh6 18. Nf3 Nxd3 19. cxd3 f6 20. h5 Rfd8 21. Nh4 Nb4 22. Ng6 Nxd3 23. Ne7+ Kf7 24. Nxc8 Rxc8 25. a4 a5 26. Nd4 Bxd4 27. exd4 Rc4 28. b3 Rb4 29. Bc7 b6 30. Rb1 Ke7 31. Kf1 Kd7 32. Ke2 Nxf2 33. Bxb6 Rxb6 34. Kxf2 Rb4 35. Ke3 e5 36. dxe5 fxe5 37. Kf3 Ke6 38. Ke3 Kf5 39. Kd3 Rg4 40. b4 Rg3+ 41. Ke2 axb4 42. Kf2 Ra3 43. Rxb4 d4 44. Ke2 Ra2+ 45. Kf3 e4+ 46. Kg3 d3 47. Rb5+ Ke6 48. Kf4 Re2 49. Rb1 d2 50. g4 Re1 0-1

[Event "Villa Ballester de Invierno op 8th"]
[Site "Villa Ballester"]
[Date "2008.08.16"]
[Round "1"]
[White "Scarella, Enrique Alejandro"]
[Black "Villarreal, Ivan Nicolas"]
[Result "1-0"]
[WhiteElo "2365"]
[BlackElo "1883"]
[PlyCount "47"]
[EventDate "2008.08.16"]
[EventType "swiss"]
[EventRounds "7"]
[EventCountry "ARG"]
[SourceTitle "CBM 126 Extra"]
[Source "ChessBase"]
[SourceDate "2008.11.05"]
[SourceVersion "1"]
[SourceVersionDate "2008.11.05"]
[SourceQuality "1"]

1. d4 f5 2. Nc3 Nf6 3. Bg5 e6 4. e4 fxe4 5. Nxe4 Be7 6. Bxf6 Bxf6 7. Nf3 0-0 8. Bd3 Nc6 9. c3 d6 10. Qc2 h6 11. 0-0-0 e5 12. d5 Ne7 13. Ng3 Bg4 14. Kb1 Kh8 15. Qe2 g6 16. h3 Bf5 17. Qc2 Qd7 18. h4 Bxd3 19. Qxd3 Nf5 20. Ne4 Ne7 21. Nfg5 Bxg5 22. hxg5 h5 23. Rdg1 Kg7 24. g4 1-0